V RÍME.

Bibliographic Details
Main Author: Rolko, Vladimír, 1899-1971 (Author)
Format: Article
Language:Slovak

MARC

LEADER 00000nab a2200000uu 4500
001 vtls011523352
003 SK-MaSNL
005 20260303162709.0
008 230302|1923 xo |||||||||||||||||slo|
015 |a SNBRB 
035 |a (urnnbn)urn:nbn:sk:snk:ar-0024r2 
035 |a (uuid)5bb90ace-04c0-4826-9598-08ef04cdd21c 
035 |a urn:nbn:sk:snk-abeb57 
040 |a SNKBUCL  |b slo  |c SNKBUCL  |e AACR2 
041 0 |a slo 
044 |a xo  |c SK 
100 1 |a Rolko, Vladimír,  |d 1899-1971  |4 aut  |9 40168 
245 1 0 |a V RÍME.  |c Vladimír Rolko 
773 0 |t Slovenské pohľady  |g Roč. 39, č. 12 (1923), s. 703 
958 |a OND 
958 |a EUIPO 
958 |a article21 
999 |c 2056540  |d 2058470